Adriaen van Ostade (Record no. 2317)
[ view plain ]
| 000 -CABECERA | |
|---|---|
| campo de control de longitud fija | 00716nam a2200217 a 4500 |
| 001 - NÚMERO DE CONTROL | |
| campo de control | BRCA_2577 |
| 005 - FECHA Y HORA DE LA ÚLTIMA TRANSACCIÓN | |
| campo de control | 20190320203855.0 |
| 008 - DATOS DE LONGITUD FIJA--INFORMACIÓN GENERAL | |
| campo de control de longitud fija | 271108s1922----gw-a---###---#000-0#ger-u |
| 050 #4 - SIGNATURA TOPOGRÁFICA DE LA BIBLIOTECA DEL CONGRESO | |
| Número de clasificación | NE670 |
| Número de documento/Ítem | .B66 1922 |
| 100 1# - ENTRADA PRINCIPAL--NOMBRE DE PERSONA | |
| Nombre de persona | Bock, Elfried |
| Fechas asociadas al nombre | 1875-1933 |
| 9 (RLIN) | 7364 |
| 245 10 - MENCIÓN DE TÍTULO | |
| Título | Adriaen van Ostade |
| Resto del título | die Radierungen des Meisters in original getreven Nachbildungen, mit einer Einführung |
| Mención de responsabilidad, etc. | von Elfried Bock. |
| 260 ## - PUBLICACIÓN, DISTRIBUCIÓN, ETC. | |
| Lugar de publicación, distribución, etc. | Berlin |
| Nombre del editor, distribuidor, etc. | Amsler & Ruthardt |
| Fecha de publicación, distribución, etc. | 1922 |
| 300 ## - DESCRIPCIÓN FÍSICA | |
| Extensión | 50 p. |
| Otras características físicas | il. |
| Dimensiones | 37 cm. |
| 500 ## - NOTA GENERAL | |
| Nota general | Ejemplar numerado 115 de 160. |
| 500 ## - NOTA GENERAL | |
| Nota general | A49 |
| 600 14 - PUNTO DE ACCESO ADICIONAL DE MATERIA--NOMBRE DE PERSONA | |
| Nombre de persona | Ostade, Adriaen van |
| Fechas asociadas al nombre | 1610-1685 |
| 9 (RLIN) | 7365 |
| 650 14 - PUNTO DE ACCESO ADICIONAL DE MATERIA--TÉRMINO DE MATERIA | |
| Término de materia o nombre geográfico como elemento de entrada | Grabadores holandeses |
| 9 (RLIN) | 7366 |
| 650 14 - PUNTO DE ACCESO ADICIONAL DE MATERIA--TÉRMINO DE MATERIA | |
| Término de materia o nombre geográfico como elemento de entrada | Aguafuertistas holandeses |
| 9 (RLIN) | 7367 |
| 902 ## - CATALOGADOR | |
| Iniciales | GFM |
| 942 ## - ELEMENTOS DE PUNTO DE ACCESO ADICIONAL (KOHA) | |
| Fuente del sistema de clasificación o colocación | Library of Congress Classification |
| Tipo de ítem Koha | Libros |
| Estado de retiro | Estado de pérdida | Estado dañado | No para préstamo | Localización permanente | Ubicación/localización actual | Fecha de adquisición | Número de inventario | Total de préstamos | Signatura topográfica completa | Código de barras | Fecha visto por última vez | Precio válido a partir de | Tipo de ítem Koha |
|---|---|---|---|---|---|---|---|---|---|---|---|---|---|
| El ejemplar forma parte de la colección y puede ser consultado según las políticas vigentes. | Biblioteca del Museo Franz Mayer (Rogerio Casas-Alatriste) | Biblioteca del Museo Franz Mayer (Rogerio Casas-Alatriste) | 27/11/2008 | A49 | NE670 .B66 1922 (A49) | 2574 | 22/03/2019 | 22/03/2019 | Libros |